| 000 | 00474nam a2200169Ia 4500 | ||
|---|---|---|---|
| 999 |
_c22021 _d22021 |
||
| 003 | OSt | ||
| 005 | 20200323150316.0 | ||
| 008 | 190216s9999||||xx |||||||||||||| ||und|| | ||
| 040 | _coclc | ||
| 082 |
_a297 _bCEN/I |
||
| 100 |
_aCentre Cultural Islamique _92192 |
||
| 245 | 0 | _aIntroduction To Islam | |
| 260 |
_bCentre Cultural Islamique, _c1968. _aParis, |
||
| 300 | _a240p | ||
| 650 | _aIslamic History | ||
| 942 |
_cBK _2ddc _h297 _iCEN/I _k297 _mCEN/I |
||